00610pab a2200181 454500008004000000100001700040245008900057260000900146300001400155362001100169650002000180650003500200650002700235773003400262909001000296999001700306952010500323180718b1996 xxu||||| |||| 00| 0 eng d aKaladhar, K. aDesigning financial services for rural poor: retooling rural financial institutions? c1996 ap.A117-22 a28 Sep aPoverty - India aFinancial institutions - India aFinancial institutions aEconomic and Political Weekly a32303 c32303d32303 00104070aIIPAbIIPAd2018-07-19hVolume no: 31, Issue no: 39pAR32496r2018-07-19w2018-07-19yAR